Malý slovník taliansko-slovenský a slovensko-taliansky

Bibliographic Details
Main Author: Bartkó, Edith (Author)
Format: Book
Language:Italian
PhysicalDescription:350 s. 14 cm
Published: Košice Pezolt PVD 2000
ISBN:8088797322
Series:Malý slovník
Subjects:

MARC

LEADER 00000nam a2200000 a 4500
001 vtls001387398
003 SK-MaSNL
005 20260301161525.0
008 240314s2000 xo g d 000 0 ita
015 |a SNBA2000/07-02321 
020 |a 8088797322 
035 |a SNK000341589 
035 |a urn:nbn:sk:snk-am3i9xd 
035 |a 53E56CEF-01B8-4DED-A163-8B378DBB0D2D 
035 |a urn:nbn:sk:snk-am00dzlh 
040 |a SNK  |b slo  |c SNK  |e AACR2 
041 0 |a ita 
044 |a xo  |c SK 
080 |a 801.323.2=854=50  |2 1981 
080 |a 808.54  |2 1981 
080 |a 805.0  |2 1981 
100 1 |a Bartkó, Edith  |4 aut  |9 412598 
245 1 0 |a Malý slovník taliansko-slovenský a slovensko-taliansky  |c Edith Bartkó 
260 |a Košice  |b Pezolt PVD  |c 2000 
300 |a 350 s.  |c 14 cm 
490 1 |a Malý slovník  |v zv. 3 
650 0 7 |a taliančina  |2 SNKPH  |9 1518 
650 0 7 |a slovenčina  |2 SNKPH  |9 1350 
655 7 |a dvojjazyčné prekladové slovníky  |2 SNKPH  |9 70744 
830 0 |a Malý slovník  |9 396037 
919 |a 80-88797-32-2 
958 |a TL 
999 |c 809804  |d 811734 
952 |t P60, <03>, [BOOK], {603}  |a SNK  |b SNK  |y PREZ  |7 0  |p 17A0236492  |o snkSE 9816  |i snkKSP 4536/2000  |0 0  |1 0  |4 0  |d 2000-04-26  |f 1  |l 0  |r 2005-01-02 00:00:00  |w 2026-02-24 
952 |t P60, <04>, [BOOK], {604}  |a SNK  |b SNK  |y VYP  |7 0  |p 17A0236493  |o snkSE 9816 D1  |i snkKSP 4537/2000  |0 0  |1 0  |4 0  |d 2000-04-26  |l 0  |r 2005-01-02 00:00:00  |w 2026-02-24